University Home | Library Home | Institutional Repository

Culture and alcohol use : (Record no. 179105)

MARC details
000 -LEADER
fixed length control field 01238cam3a220031301 4500
001 - CONTROL NUMBER
control field lce00751589
005 - DATE AND TIME OF LATEST TRANSACTION
control field 20190830092123.0
008 - FIXED-LENGTH DATA ELEMENTS--GENERAL INFORMATION
fixed length control field 690811s1967 onc b 001 0 eng
010 ## - LIBRARY OF CONGRESS CONTROL NUMBER
LC control number 71400300 //r913
015 ## - NATIONAL BIBLIOGRAPHY NUMBER
National bibliography number C***
020 ## - INTERNATIONAL STANDARD BOOK NUMBER
Terms of availability unpriced
035 ## - SYSTEM CONTROL NUMBER
System control number (Sirsi) r64642
035 ## - SYSTEM CONTROL NUMBER
System control number (DLC) 71400300 //r913
035 ## - SYSTEM CONTROL NUMBER
System control number (UPRA)lce00751589
040 ## - CATALOGING SOURCE
Original cataloging agency DLC
Transcribing agency DLC
Modifying agency DLC
-- UPRA
050 00 - LIBRARY OF CONGRESS CALL NUMBER
Classification number Z7721
Item number .P6
Classification number GT2884
082 00 - DEWEY DECIMAL CLASSIFICATION NUMBER
Classification number 016.301/47/686/1
100 1# - MAIN ENTRY--PERSONAL NAME
Personal name Popham, Robert E.
Linkage A24552.1
245 10 - TITLE STATEMENT
Title Culture and alcohol use :
Remainder of title a bibliography of anthropological studies /
Statement of responsibility, etc. compiled by Robert E. Popham and Carole D. Yawney.
250 ## - EDITION STATEMENT
Edition statement 2nd ed.
260 ## - PUBLICATION, DISTRIBUTION, ETC.
Place of publication, distribution, etc. Toronto :
Name of publisher, distributor, etc. Addiction Research Foundation,
Date of publication, distribution, etc. 1967.
490 1# - SERIES STATEMENT
Series statement Addiction Research Foundation. Bibliographic series, no. 1
650 #0 - SUBJECT ADDED ENTRY--TOPICAL TERM
Topical term or geographic name entry element Drinking customs -- Bibliography.
General subdivision Drinking customs -- Bibliography.
Linkage S17733.1
650 #0 - SUBJECT ADDED ENTRY--TOPICAL TERM
Topical term or geographic name entry element Drinking of alcoholic beverages -- Bibliography.
General subdivision Drinking of alcoholic beverages -- Bibliography.
Linkage S17734.1
700 1# - ADDED ENTRY--PERSONAL NAME
Personal name Yawney, Carole D.
Linkage A24553.1
830 #0 - SERIES ADDED ENTRY--UNIFORM TITLE
Uniform title Bibliographic series (Addiction Research Foundation of Ontario) ;
Volume/sequential designation no. 1.
Linkage S4669.1
949 ## - LOCAL PROCESSING INFORMATION (OCLC)
a Z7721
w lcc
i -86261
m MAIN
t BOOK
l ON-SHELF

No items available.

© 2026 - The University of Zambia Library - Koha v25.11